01169cam a22002775a 45000010009000000050017000090080041000260200016000670200020000830400028001030820019001312450111001502600172002613000037004335000024004705040041004946500033005356500040005686510010006086530033006186550024006517000041006759420019007169990017007359520139007521774537420150810151743.0130520s2014 enka frb f001 0 eng d a 0199671664 a 9780199671663  aDLCbengcDLCdEG-ScBUE04a338.9bINT22200aInternational development :bideas, experience, and prospects /cedited by Bruce Currie-Alder ... [et al.] aOxford ;aNew York :bOxford University Press ;bInternational Development Research Centre / Centre de Recherches Pour Le Developpement International ;bCanada,c2014. axxviii, 943 p. :bill. ;c26 cm. aIndex : p. 903-943. aIncludes bibliographical references. 0aEconomic development.2BUEsh 7aDevelopment economics.2BUEsh94896 2BUEsh bBUSECOcJune2015cAugust2015 vreading book9342321 aCurrie-Alder, Bruce,d1974-eeditor. 2ddck338.9 INT c19775d19747 00102ddc40708AlahramaMAINbMAINc1STd2015-06-21epurchaseg450.00h317l0o338.9 INTp000038687r2025-07-15 00:00:00v562.50yBB